000 01478nam a2200349Ia 4500
001 sjdsz9mscp b2166514
003 sjds
005 20180826181852.0
007 ss lunjlcnunue
008 030603t19911991nyua j 000 1 spa d
020 _a0590453076 (pbk.)
_qpaperback
020 _a9780590453073 (pbk.)
040 _aEXR
_beng
_cEXR
_dCOG
041 1 _aspa
_heng
092 _ajKIT
_bSPANISH
100 1 _aCrews, Donald.
_0http://id.loc.gov/authorities/names/n79059846.
240 1 0 _aSchool bus.
_lSpanish
_0http://id.loc.gov/authorities/names/no2009055089.
245 1 3 _aEl autobus escolar /
_cDonald Crews ; traduccion de Gerard R. Koch.
260 _aNew York, NY :
_bScholastic, Inc.,
_cc1991
264 1 _aNew York, NY :
_bScholastic, Inc.,
_c[1991]
264 4 _cc1991.
300 _a1 volume (unpaged) : color illustrations ;
_c20 x 25 cm
336 _atext
_btxt
_2rdacontent.
385 _nage
_aChildren
_2lcdgt.
500 _aTranslation of: School bus.
520 _aFollow the progress of school buses as they take children to school and bring them home again.
650 0 _aSchool buses
_0http://id.loc.gov/authorities/subjects/sh85118291
_vJuvenile fiction.
_0http://id.loc.gov/authorities/subjects/sh99001687.
650 0 _aChildren's stories, American.
_0http://id.loc.gov/authorities/subjects/sh85023784.
655 0 _aSpanish language materials.
655 7 _aFiction.
_2lcgft
_0http://id.loc.gov/authorities/genreForms/gf2014026339.
942 _cBK
999 _c21253
_d21253